Egzamin ósmoklasisty - słowa i zwroty po angielsku - Statystyki

Ogólne statystyki
  • Ten quiz został rozwiązany 593 razy
  • Średni wynik to 8 z 25
Statystyki odpowiedzi
Polski Angielski % Poprawnych
Rozumieć Understand
89%
Na przykład (użyj for) For example
74%
Tak duży jak (użyj big) As big as
72%
Łatwiejszy niż... (nie musisz przepisywać wielokropka) Easier than
71%
Przepraszam (w kontekście gdy podchodzisz spytać kogoś np. o godzinę) Excuse me
58%
Dbać (użyj look) Look after
51%
Chory Ill
50%
Smaczny Tasty
48%
Suchy Dry
41%
Wybrzeże Coast
36%
Starożytny Ancient
33%
Tańszy niż nasz Cheaper than ours
33%
Grypa Flu
33%
Cel podróży (np. pociągiem) Destination
29%
Pokolenie Generation
29%
Autokar Coach
23%
Obrzydliwy Ugly
18%
Fundacja Charity
12%
Zbierać pieniądze (użyj czasownika na "r" a nie collect) Raise money
11%
Interesować się naturą Be interested in nature
8%
Okazało się Turn out
6%
Spaść z mostu Fall off the bridge
4%
Oczekiwać na coś Look forward to
3%
Martwić się o test Be worried about a test
2%
Szukam apteki I am looking for chemistry
2%
Nie znaleziono quizów pasujących do podanych kryteriów
Rozkład punktacji
Procent ludzi z każdym wynikiem
Percentyl według liczby udzielonych odpowiedzi
Twoja historia wyników
Nie rozwiązałeś tego quizu